Detection & Parameter Estimation of Frequency Hopping (FH) Signal (Record no. 218045)
[ view plain ]
| 000 -LEADER | |
|---|---|
| fixed length control field | 00403 a2200157 4500 |
| 003 - CONTROL NUMBER IDENTIFIER | |
| control field | Nust |
| 005 - DATE AND TIME OF LATEST TRANSACTION | |
| control field | 20170207171638.0 |
| 040 ## - CATALOGING SOURCE | |
| Transcribing agency | Nust |
| 082 ## - DEWEY DECIMAL CLASSIFICATION NUMBER | |
| Classification number | 621.382 |
| 100 ## - MAIN ENTRY--PERSONAL NAME | |
| Personal name | Anwar, Saira (MSEE-19) |
| 245 ## - TITLE STATEMENT | |
| Title | Detection & Parameter Estimation of Frequency Hopping (FH) Signal |
| Statement of responsibility, etc. | Saira Anwar |
| 260 ## - PUBLICATION, DISTRIBUTION, ETC. | |
| Place of publication, distribution, etc. | Rawalpind |
| Name of publisher, distributor, etc. | MCS,NUST |
| Date of publication, distribution, etc. | March 2016 |
| 300 ## - PHYSICAL DESCRIPTION | |
| Extent | xii, 60 p |
| 650 ## - SUBJECT ADDED ENTRY--TOPICAL TERM | |
| Topical term or geographic name entry element | PG Thesis MSEE |
| 651 ## - SUBJECT ADDED ENTRY--GEOGRAPHIC NAME | |
| Geographic name | MSEE-19 |
| 942 ## - ADDED ENTRY ELEMENTS (KOHA) | |
| Koha item type | |
| Withdrawn status | Lost status | Source of classification or shelving scheme | Damaged status | Not for loan | Collection code | Permanent Location | Current Location | Date acquired | Total Checkouts | Full call number | Barcode | Date last seen | Price effective from | Koha item type |
|---|---|---|---|---|---|---|---|---|---|---|---|---|---|---|
| Military College of Signals (MCS) | Military College of Signals (MCS) | 12/12/2016 | 621.382 ANW | MCSTEE-268 | 12/08/2016 | 12/12/2016 | Book |
